| 000 | 00812nam a2200229Ia 4500 | ||
|---|---|---|---|
| 003 | GCL | ||
| 008 | 140319s9999 xx 000 0 ara d | ||
| 040 |
_aGCL / _cGCL |
||
| 082 | 0 | 4 |
_a339.47 _bب م |
| 100 | 1 | _aخليل احمد خليل | |
| 245 | 1 | 0 |
_aالمجتمع الاستهلاكى : _bدراسة فى اساطير النظام الاستهلاكى وتراكيبه / _cخليل احمد خليل |
| 700 | 1 | _aبودريار، جان | |
| 250 | _aالاولى | ||
| 260 |
_aبيروت : _bدار الفكر اللبنانى ، _c1995 |
||
| 300 |
_a272 ص ؛ _c24 سم |
||
| 650 | 0 | 4 | _aاختراق السوق |
| 650 | 0 | 4 | _aالاستهلاك |
| 650 | 0 | 4 | _aالمستهلكون - ارشاد |
| 650 | 0 | 4 | _aحماية المستهلك |
| 650 | 0 | 4 | _aمعدلات الاستهلاك |
| 942 |
_2ddc _cBK |
||
| 999 |
_c4956 _d4956 |
||